| 000 | 00386nam a2200145Ia 4500 | ||
|---|---|---|---|
| 008 | 231129s1976||||xx |||||||||||||| ||spa|| | ||
| 020 | _a84-8280-056-6 | ||
| 040 | _bspa | ||
| 082 | _aCo861 C311t | ||
| 100 | _aCarranza Maria Mercedes | ||
| 245 | 0 | _aTengo miedo : Poesia 1976-1982 | |
| 260 | _c1976 | ||
| 264 | _aOveja Negra | ||
| 942 |
_2ddc _cBKS |
||
| 999 |
_c25177 _d25177 |
||